[Event "Campeonato Brasileiro Amador 2015"]
[Site "Esporte Clube Pinheiros, São P"]
[Date "2015.05.01"]
[Round "2.80"]
[White "Rodrigues, Julliano De Araujo"]
[Black "Paiva, Paulo Ricardo Goncal"]
[Result "1-0"]
[WhiteElo "1808"]
[BlackElo "1513"]
[PlyCount "73"]
[EventDate "2015.04.30"]

1. e4 c5 2. Nf3 d6 3. d4 cxd4 4. Nxd4 Nf6 5. Nc3 a6 6. Be3 e5 7. Nb3 b5 8. Bd3
Bb7 9. f3 b4 10. Ne2 Nbd7 11. O-O Be7 12. c3 d5 13. exd5 Nxd5 14. Bf2 Bg5 15.
cxb4 Nxb4 16. Bf5 Nf6 17. Nc5 Bc6 18. Qb3 Nbd5 19. Rad1 Rb8 20. Qa3 Bb5 21.
Rfe1 O-O 22. Nc3 Bc6 23. Rxe5 Bf4 24. Ree1 Re8 25. Be4 Qb6 26. Nd7 Qxb2 27.
Qxb2 Rxb2 28. Nxf6+ Nxf6 29. Bxc6 Rc8 30. Nd5 Nxd5 31. Bxd5 h6 32. Bb3 Bg5 33.
Bd4 Rd2 34. Rxd2 Bxd2 35. Re7 Rf8 36. Bc5 a5 37. Rd7 1-0

[Event "Campeonato Brasileiro Amador 2015"]
[Site "Esporte Clube Pinheiros, São P"]
[Date "2015.05.01"]
[Round "2.81"]
[White "Serafim Junior, Arnor"]
[Black "Brujin, Homero"]
[Result "1-0"]
[WhiteElo "1800"]
[BlackElo "1486"]
[PlyCount "69"]
[EventDate "2015.04.30"]

1. Nf3 Nf6 2. g3 d5 3. Bg2 e6 4. O-O Be7 5. c4 O-O 6. d4 c6 7. Nc3 Re8 8. Ne5
Nbd7 9. f4 Nb6 10. c5 Nc4 11. Qd3 Nxe5 12. fxe5 Nd7 13. Bh3 b6 14. b4 bxc5 15.
bxc5 a5 16. Qf3 Rf8 17. Bd2 Ba6 18. Rfb1 Qc7 19. e4 Bc4 20. exd5 cxd5 21. a4
Bxc5 22. dxc5 Nxe5 23. Qe3 Bd3 24. Nb5 Bxb5 25. Rxb5 Nc4 26. Qd4 Nxd2 27. Qxd2
Qe5 28. Re1 Qc7 29. Rc1 Rfd8 30. c6 Rab8 31. Qxa5 Qxa5 32. Rxa5 Rbc8 33. c7 Rf8
34. Rac5 d4 35. Bf1 1-0

[Event "Campeonato Brasileiro Amador 2015"]
[Site "Esporte Clube Pinheiros, São P"]
[Date "2015.05.01"]
[Round "2.82"]
[White "Van Riemsdijk, Felipe Herman"]
[Black "Sato, Claudio Takeshi"]
[Result "1-0"]
[WhiteElo "1771"]
[BlackElo "1473"]
[PlyCount "75"]
[EventDate "2015.04.30"]

1. e4 e6 2. d4 d5 3. exd5 exd5 4. Nf3 Bd6 5. Bd3 Nf6 6. O-O O-O 7. Bg5 Bg4 8.
Nbd2 Re8 9. c4 dxc4 10. Bxc4 Nbd7 11. Qb3 Be6 12. Bxe6 Rxe6 13. Rfe1 Rxe1+ 14.
Rxe1 Nb6 15. Ne5 Qe8 16. Ndf3 Nfd5 17. Ng4 Qd7 18. Nfe5 Qf5 19. Bd2 c6 20. Qg3
Kf8 21. h3 Rd8 22. Nh6 Bxe5 23. Rxe5 Qb1+ 24. Kh2 f6 25. Re1 Qxb2 26. Nf5 g6
27. Bh6+ Kg8 28. Nh4 Qc2 29. Re2 Qxe2 30. Nxg6 Kf7 31. Nf8 Qe7 32. Qg7+ Ke8 33.
Qh8 Qd6+ 34. g3 Ne7 35. Ne6+ Kf7 36. Nxd8+ Kg6 37. Qg7+ Kf5 38. Qg4# 1-0

[Event "Campeonato Brasileiro Amador 2015"]
[Site "Esporte Clube Pinheiros, São P"]
[Date "2015.05.01"]
[Round "2.83"]
[White "Camargo, Luca Oshiro"]
[Black "Schwertner, Joao Victor Moreir"]
[Result "1-0"]
[WhiteElo "1467"]
[BlackElo "1771"]
[PlyCount "73"]
[EventDate "2015.04.30"]

1. e4 e5 2. Bc4 Nf6 3. d3 Bc5 4. Nc3 h6 5. f4 d6 6. f5 c6 7. Nf3 d5 8. Bb3 Ng4
9. d4 dxe4 10. Nxe4 Bb4+ 11. c3 Bxf5 12. Ng3 Bg6 13. cxb4 e4 14. Ne5 Nxe5 15.
dxe5 Qb6 16. Qd6 Na6 17. e6 Qxb4+ 18. Qxb4 Nxb4 19. exf7+ Ke7 20. Be3 Nd3+ 21.
Ke2 b6 22. Rhf1 Rad8 23. Rad1 c5 24. Rd2 b5 25. Nf5+ Bxf5 26. Rxf5 c4 27. Bc2
a6 28. Bxd3 exd3+ 29. Ke1 Ke6 30. Rdf2 Rhf8 31. Bc5 d2+ 32. Kd1 Rxf7 33. Rxf7
Rc8 34. Bb4 a5 35. Re7+ Kd5 36. Rxd2+ Kc6 37. Rd6# 1-0

[Event "Campeonato Brasileiro Amador 2015"]
[Site "Esporte Clube Pinheiros, São P"]
[Date "2015.05.01"]
[Round "2.84"]
[White "Nunes, Agatha Hurba"]
[Black "Felix, Luiza De Oliveira"]
[Result "1-0"]
[WhiteElo "1765"]
[BlackElo "1464"]
[PlyCount "53"]
[EventDate "2015.04.30"]

1. d4 Nf6 2. Nf3 e6 3. c4 Bb4+ 4. Bd2 a5 5. Qa4 Bxd2+ 6. Nbxd2 b6 7. e3 Bb7 8.
Be2 O-O 9. O-O Na6 10. a3 Bc6 11. Qc2 d6 12. c5 bxc5 13. Bxa6 Rxa6 14. dxc5 Bb5
15. Rfc1 d5 16. Nd4 Bc6 17. b4 Qd7 18. N2f3 Ba4 19. Qd3 Qc8 20. b5 Ra8 21. c6
Rb8 22. Rab1 Rb6 23. Ne2 Ne4 24. Ne5 Rd8 25. f3 Nd6 26. Nc3 d4 27. Nxa4 1-0

[Event "Campeonato Brasileiro Amador 2015"]
[Site "Esporte Clube Pinheiros, São P"]
[Date "2015.05.01"]
[Round "2.85"]
[White "Alves Da Silva, Jadson Paulino"]
[Black "Sato, Leticia Miho"]
[Result "1-0"]
[WhiteElo "1742"]
[BlackElo "1403"]
[PlyCount "71"]
[EventDate "2015.04.30"]

1. e4 e5 2. Nf3 Nf6 3. d3 Nc6 4. Be2 Bc5 5. c3 Bb6 6. Bg5 h6 7. Bh4 g5 8. Bg3
d6 9. h3 Be6 10. Nbd2 Qd7 11. Qc2 a6 12. b4 Nh5 13. Nxe5 dxe5 14. Bxh5 O-O-O
15. Be2 f6 16. Nb3 Kb8 17. O-O-O Qc8 18. Rd2 h5 19. h4 g4 20. Rhd1 Rd7 21. Nc5
Bxc5 22. bxc5 Qd8 23. Qb2 f5 24. exf5 Bxf5 25. d4 exd4 26. Bxa6 Qc8 27. cxd4
Be4 28. d5 Na5 29. Qb4 Ka7 30. Bb5 Re7 31. Qxa5+ Kb8 32. d6 cxd6 33. Bxd6+ Rc7
34. Bxc7+ Qxc7 35. Rd8+ Rxd8 36. Rxd8+ 1-0

[Event "Campeonato Brasileiro Amador 2015"]
[Site "Esporte Clube Pinheiros, São P"]
[Date "2015.05.01"]
[Round "2.86"]
[White "Queiroz, Stella Becker"]
[Black "Ferreira, Renato Luis Bueloni"]
[Result "1-0"]
[WhiteElo "1728"]
[BlackElo "1371"]
[PlyCount "107"]
[EventDate "2015.04.30"]

1. e4 d6 2. d4 Nf6 3. Nc3 g6 4. f3 Bg7 5. Be3 O-O 6. Qd2 a6 7. O-O-O c6 8. g4
Nbd7 9. Nge2 b5 10. Ng3 d5 11. e5 Ne8 12. h4 Nb6 13. h5 Nc4 14. Bxc4 bxc4 15.
Bh6 Rb8 16. Na4 Rb5 17. hxg6 fxg6 18. Bxg7 Nxg7 19. Qh6 Rxf3 20. Qxh7+ Kf8 21.
Rdf1 Bxg4 22. Rxf3+ Bxf3 23. Rf1 Qa5 24. Rxf3+ Ke8 25. Qxg6+ Kd7 26. Nc3 Rb8
27. Qxg7 Qd8 28. Nf5 Qf8 29. Qxf8 Rxf8 30. Nh4 Rh8 31. Rf4 Rg8 32. Kd2 a5 33.
Na4 Rb8 34. Nc5+ Kc7 35. b3 cxb3 36. axb3 Rg8 37. Rf7 Kd8 38. Ne6+ Ke8 39. Rg7
Rxg7 40. Nxg7+ Kf7 41. Ngf5 e6 42. Nd6+ Kg7 43. Nb7 Kh6 44. Nxa5 Kg5 45. Ng2
Kf5 46. Nxc6 Kg6 47. b4 Kf7 48. b5 Ke8 49. Nf4 Kd7 50. Nxe6 Kxe6 51. b6 Kd7 52.
b7 Ke6 53. b8=Q Kf5 54. Qf8+ 1-0

[Event "Campeonato Brasileiro Amador 2015"]
[Site "Esporte Clube Pinheiros, São P"]
[Date "2015.05.01"]
[Round "2.87"]
[White "Hoshino, Meilin"]
[Black "Nikolic, Jovane"]
[Result "0-1"]
[WhiteElo "1361"]
[BlackElo "1728"]
[PlyCount "100"]
[EventDate "2015.04.30"]

1. d4 c5 2. d5 d6 3. c4 b5 4. cxb5 a6 5. bxa6 Bxa6 6. Nc3 Nf6 7. g3 g6 8. Bg2
Bg7 9. Nf3 O-O 10. O-O Nbd7 11. Bf4 Qa5 12. Qd2 Rfb8 13. Rab1 Ng4 14. Rbc1 Nde5
15. Bxe5 Nxe5 16. Nxe5 Bxe5 17. Rfe1 Bc8 18. Ra1 Rxb2 19. Qxb2 Bxc3 20. Qc1
Bxe1 21. Qxe1 Qxe1+ 22. Rxe1 Rxa2 23. e4 Ba6 24. h4 h5 25. Bf1 Bxf1 26. Kxf1
Rd2 27. Re2 Rd1+ 28. Re1 Rxe1+ 29. Kxe1 e6 30. f3 Kg7 31. Kd2 exd5 32. exd5 Kf6
33. Kc3 Ke5 34. Kc4 f6 35. Kd3 Kxd5 36. f4 f5 37. Ke3 c4 38. Ke2 Ke4 39. Kd2 d5
40. g4 fxg4 41. f5 gxf5 42. Kc2 g3 43. Kc3 g2 44. Kb4 g1=Q 45. Kb5 Qg6 46. Ka5
Qc6 47. Kb4 Kd4 48. Ka5 Qb7 49. Ka4 Qb6 50. Ka3 Qb3# 0-1

[Event "Campeonato Brasileiro Amador 2015"]
[Site "Esporte Clube Pinheiros, São P"]
[Date "2015.05.01"]
[Round "2.88"]
[White "Arduini, Leonardo Adolfo"]
[Black "Lukjanenko Callegari, Lucca"]
[Result "0-1"]
[WhiteElo "1716"]
[BlackElo "1320"]
[PlyCount "74"]
[EventDate "2015.04.30"]

1. e4 g6 2. Bc4 Bg7 3. d4 d6 4. f4 a6 5. Nf3 Bg4 6. O-O b5 7. Bb3 Nc6 8. Be3
Nf6 9. h3 Bxf3 10. Qxf3 O-O 11. Nc3 Nd7 12. Rad1 Na5 13. e5 Nxb3 14. axb3 Rc8
15. h4 c5 16. h5 cxd4 17. Bxd4 b4 18. Ne4 Rxc2 19. hxg6 fxg6 20. Ng5 Qa8 21.
Rf2 Qxf3 22. Rxf3 dxe5 23. fxe5 Rxf3 24. Nxf3 g5 25. e6 Bxd4+ 26. Rxd4 Nc5 27.
Rd8+ Kg7 28. Ne5 Rxb2 29. Rc8 Nxb3 30. Nc6 Kf6 31. Nd8 Nd4 32. Nb7 Rc2 33. Rb8
b3 34. Na5 b2 35. Nc4 Rc1+ 36. Kh2 b1=Q 37. Rxb1 Rxb1 0-1

[Event "Campeonato Brasileiro Amador 2015"]
[Site "Esporte Clube Pinheiros, São P"]
[Date "2015.05.01"]
[Round "2.89"]
[White "Sato, Luiz Henrique Yuzo T"]
[Black "Schucman, Rebeca Lot"]
[Result "0-1"]
[WhiteElo "1240"]
[BlackElo "1708"]
[PlyCount "80"]
[EventDate "2015.04.30"]

1. d4 Nf6 2. Nf3 g6 3. Bf4 Bg7 4. e3 O-O 5. Nbd2 d6 6. Bc4 Nbd7 7. c3 c5 8. O-O
a6 9. Qe2 b5 10. Bd3 Bb7 11. a4 c4 12. Bc2 Re8 13. Rfd1 e5 14. dxe5 dxe5 15.
Nxe5 Nxe5 16. Bxe5 Rxe5 17. Nxc4 Rd5 18. axb5 axb5 19. Rxa8 Bxa8 20. Na3 Bc6
21. Bb3 Rxd1+ 22. Qxd1 Qxd1+ 23. Bxd1 Ne4 24. Bf3 f5 25. Be2 Nd6 26. Kf1 Kf7
27. f3 b4 28. cxb4 Bxb2 29. b5 Bd7 30. Nc4 Nxc4 31. Bxc4+ Ke7 32. Ke2 Kd6 33.
Bg8 Bxb5+ 34. Kf2 h6 35. Bf7 g5 36. Kg3 Bc3 37. Bh5 Be1+ 38. Kh3 Be2 39. Bg6
g4+ 40. fxg4 Bxg4# 0-1

[Event "Campeonato Brasileiro Amador 2015"]
[Site "Esporte Clube Pinheiros, São P"]
[Date "2015.05.01"]
[Round "2.90"]
[White "Fernandes, Jose Francisco"]
[Black "Ferreira, Ana Luiza Cassoni Bu"]
[Result "1-0"]
[WhiteElo "1694"]
[BlackElo "1218"]
[PlyCount "69"]
[EventDate "2015.04.30"]

1. e4 c5 2. Nf3 d6 3. c3 Nf6 4. Bd3 e6 5. Bc2 Nc6 6. O-O Be7 7. d4 O-O 8. d5
Ne5 9. Nxe5 dxe5 10. c4 b6 11. Nc3 a6 12. Qd3 Qd6 13. f4 exd5 14. fxe5 Qxe5 15.
Nxd5 Nxd5 16. exd5 g6 17. Qe4 Qxe4 18. Bxe4 Rb8 19. Bf4 Ra8 20. d6 Ra7 21. dxe7
Re8 22. Bg5 Be6 23. Bd5 Bxd5 24. cxd5 Rd7 25. Rad1 Rd6 26. Rf6 Rxf6 27. Bxf6 h6
28. d6 Ra8 29. d7 Kh7 30. d8=Q Rxd8 31. exd8=Q g5 32. Bxg5 hxg5 33. Qxg5 a5 34.
Rd3 f6 35. Rh3# 1-0

[Event "Campeonato Brasileiro Amador 2015"]
[Site "Esporte Clube Pinheiros, SÃ£o P"]
[Date "2015.05.01"]
[Round "3.1"]
[White "Campos, Igor Ribeiro"]
[Black "Tacconi Da Silva, Lucas"]
[Result "1/2-1/2"]
[WhiteElo "2182"]
[BlackElo "1979"]
[PlyCount "150"]
[EventDate "2015.04.30"]

1. d3 d5 2. g3 e6 3. Bg2 f5 4. Nf3 Nf6 5. O-O Bc5 6. c4 dxc4 7. Qa4+ c6 8. Qxc4
Qe7 9. e4 fxe4 10. dxe4 b6 11. e5 Nd5 12. Bg5 Qf7 13. Rd1 Ba6 14. Qe4 O-O 15.
Nc3 h6 16. Bd2 Nd7 17. a3 Qf5 18. Qxf5 Rxf5 19. b4 Be7 20. Nd4 Raf8 21. Nxd5
cxd5 22. Nxf5 Rxf5 23. f4 Rf8 24. Bh3 Kf7 25. Re1 g6 26. a4 Bc4 27. g4 Bh4 28.
Rec1 a6 29. Bf1 Rc8 30. Bxc4 dxc4 31. b5 a5 32. Be3 Be7 33. Rc2 Bc5 34. Kf2 g5
35. Rd1 Ke7 36. Ke2 Bxe3 37. Kxe3 Rc5 38. Re1 c3 39. h4 Rc4 40. Rf1 Nc5 41.
hxg5 hxg5 42. fxg5 Rxg4 43. Rh1 Re4+ 44. Kf3 Rxe5 45. Rh7+ Kd6 46. g6 Rf5+ 47.
Kg4 Ne4 48. Rf7 Nf6+ 49. Kh4 Rh5+ 50. Kg3 Rg5+ 51. Kf3 Rxg6 52. Rxc3 Rg3+ 53.
Kxg3 Ne4+ 54. Kf3 Nxc3 55. Rf4 Nd5 56. Rc4 Ke5 57. Re4+ Kd6 58. Rc4 Ke5 59. Rc6
Kf5 60. Rc4 Ke5 61. Rh4 Nc3 62. Ke3 Nd5+ 63. Kd2 Kd6 64. Kd3 Ke5 65. Re4+ Kd6
66. Kd4 Ne7 67. Re1 Nf5+ 68. Ke4 Ne7 69. Rc1 e5 70. Rd1+ Ke6 71. Rd8 Nf5 72.
Re8+ Kd7 73. Kxf5 Kxe8 74. Kxe5 Ke7 75. Kd5 Kd7 1/2-1/2

[Event "Campeonato Brasileiro Amador 2015"]
[Site "Esporte Clube Pinheiros, SÃ£o P"]
[Date "2015.05.01"]
[Round "3.2"]
[White "Desideri, Ricardo Maruchi"]
[Black "Queiroz, Alberto Becker"]
[Result "1-0"]
[WhiteElo "1965"]
[BlackElo "2164"]
[PlyCount "115"]
[EventDate "2015.04.30"]

1. e4 Nf6 2. e5 Nd5 3. d4 d6 4. c4 Nb6 5. f4 dxe5 6. fxe5 Nc6 7. Be3 Bf5 8. Nc3
e6 9. Nf3 Bg4 10. Be2 Bxf3 11. gxf3 Qh4+ 12. Bf2 Qf4 13. Qc1 Qxc1+ 14. Rxc1
O-O-O 15. Rd1 Na5 16. c5 Nd5 17. Nxd5 Rxd5 18. O-O Nc6 19. f4 Ne7 20. Bf3 Rd7
21. Rc1 c6 22. b4 g6 23. Be4 Bh6 24. Be3 Rdd8 25. Rf3 Nf5 26. Bxf5 exf5 27. Rh3
Bg7 28. Bf2 Rd5 29. a4 a6 30. b5 axb5 31. axb5 Kd7 32. bxc6+ bxc6 33. Rb1 h5
34. Rb7+ Ke6 35. Rc7 Rd7 36. Rxc6+ Kd5 37. Rd6+ Rxd6 38. cxd6 Bh6 39. Bh4 Ke6
40. d5+ Kxd5 41. d7 Bxf4 42. Bf6 Ra8 43. d8=Q+ Rxd8 44. Rd3+ Ke6 45. Rxd8 Bxe5
46. Bxe5 Kxe5 47. Kf2 h4 48. Rh8 g5 49. Rh6 f4 50. Kf3 Kf5 51. h3 f6 52. Ke2
Ke5 53. Kd3 Kf5 54. Kd4 Ke6 55. Ke4 Ke7 56. Kf5 f3 57. Rxf6 g4 58. Kg5 1-0

[Event "Campeonato Brasileiro Amador 2015"]
[Site "Esporte Clube Pinheiros, SÃ£o P"]
[Date "2015.05.01"]
[Round "3.3"]
[White "Nery Junior, Jose Antonio"]
[Black "Leon Lopes, Sergio Amadeus"]
[Result "1/2-1/2"]
[WhiteElo "2151"]
[BlackElo "1967"]
[PlyCount "67"]
[EventDate "2015.04.30"]

1. e4 e5 2. Nf3 Nf6 3. Bc4 Nxe4 4. Nc3 Nxc3 5. dxc3 f6 6. O-O d6 7. Re1 Nc6 8.
Nh4 g6 9. f4 Qe7 10. f5 Qg7 11. Qd5 Ne7 12. Bb5+ Kd8 13. Qd3 Nxf5 14. Nf3 Bd7
15. c4 a6 16. Bxd7 Qxd7 17. Bd2 Bh6 18. Bxh6 Nxh6 19. Rad1 Qc6 20. b4 Kc8 21.
c3 b6 22. Nd2 f5 23. Nb3 Nf7 24. a4 e4 25. Qd4 Ne5 26. c5 Rd8 27. Re3 Nd3 28.
cxb6 Qxb6 29. g4 c5 30. Qd5 Ra7 31. gxf5 cxb4 32. Qxe4 Ne5 33. a5 Qb7 34. Qxb7+
1/2-1/2

[Event "Campeonato Brasileiro Amador 2015"]
[Site "Esporte Clube Pinheiros, SÃ£o P"]
[Date "2015.05.01"]
[Round "3.4"]
[White "Rodrigues, Leonardo De Miranda"]
[Black "Guimaraes, Artemis Pamela"]
[Result "1-0"]
[WhiteElo "2111"]
[BlackElo "1963"]
[PlyCount "73"]
[EventDate "2015.04.30"]

1. e4 e5 2. Nc3 Nf6 3. Nf3 Nc6 4. Bb5 Bd6 5. O-O O-O 6. d3 h6 7. Be3 Re8 8. a3
Bf8 9. d4 d6 10. Bxc6 bxc6 11. dxe5 Ng4 12. Bf4 Ba6 13. Re1 Nxe5 14. Nxe5 dxe5
15. Qxd8 Raxd8 16. Be3 Ra8 17. Rad1 Bc4 18. Na4 a5 19. Rd2 Reb8 20. Red1 Be6
21. f3 f6 22. Rd3 Kf7 23. Rc3 Ra6 24. Bc5 Bxc5+ 25. Nxc5 Rab6 26. b3 Re8 27. a4
Re7 28. Rd8 Rb4 29. Ra8 Rd4 30. Rd3 Rxd3 31. cxd3 Kg6 32. Kf2 Bf7 33. Ke3 Re8
34. Rxe8 Bxe8 35. Kd2 Kf7 36. b4 Ke7 37. bxa5 1-0

[Event "Campeonato Brasileiro Amador 2015"]
[Site "Esporte Clube Pinheiros, SÃ£o P"]
[Date "2015.05.01"]
[Round "3.5"]
[White "Rodrigo Da Silva, Edson"]
[Black "Silva, Lucas Henrique Da"]
[Result "1-0"]
[WhiteElo "1963"]
[BlackElo "2100"]
[PlyCount "109"]
[EventDate "2015.04.30"]

1. d4 Nf6 2. c4 e6 3. Nf3 Bb4+ 4. Bd2 Qe7 5. Nc3 O-O 6. e3 b6 7. Bd3 Bb7 8. O-O
Bxc3 9. Bxc3 Ne4 10. Rc1 d6 11. Nd2 Nxc3 12. Rxc3 f5 13. f4 Nd7 14. Qc2 c5 15.
Nf3 Nf6 16. Qe2 Ne4 17. Rcc1 Rf6 18. Nd2 Nxd2 19. Qxd2 Rh6 20. Qf2 Rg6 21. g3
h5 22. Be2 h4 23. Bf3 Rf8 24. b3 Rff6 25. Bxb7 Qxb7 26. Qf3 Qe7 27. Kf2 Rg4 28.
Rg1 Rfg6 29. Rcd1 Kh7 30. dxc5 bxc5 31. e4 fxe4 32. Qxe4 e5 33. Qf5 Kh6 34. Rd5
Kh7 35. Rdd1 a5 36. Kf3 a4 37. Rde1 axb3 38. axb3 Qb7+ 39. Qe4 Qxb3+ 40. Re3
Qa2 41. Re2 Qa4 42. Rd2 exf4 43. Rxd6 Qb3+ 44. Rd3 Qb2 45. Rd5 Qc3+ 46. Ke2 f3+
47. Qxf3 Qxc4+ 48. Qd3 Qa2+ 49. Ke3 Kh6 50. Rd8 Qe6+ 51. Kf2 Rf6+ 52. Kg2 h3+
53. Kh1 Qc6+ 54. Qd5 Qxd5+ 55. Rxd5 1-0

[Event "Campeonato Brasileiro Amador 2015"]
[Site "Esporte Clube Pinheiros, SÃ£o P"]
[Date "2015.05.01"]
[Round "3.6"]
[White "Ribeiro, Marcos Willian De So"]
[Black "Pinto, Rendrex Lopes"]
[Result "1/2-1/2"]
[WhiteElo "1948"]
[BlackElo "2072"]
[PlyCount "95"]
[EventDate "2015.04.30"]

1. e4 e6 2. d4 d5 3. Nc3 dxe4 4. Nxe4 Bd7 5. Nf3 Bc6 6. Bd3 Nd7 7. Qe2 Ngf6 8.
Neg5 Bxf3 9. Qxf3 c6 10. c3 Bd6 11. Bd2 Qa5 12. a4 h6 13. b4 Qc7 14. Ne4 Nxe4
15. Bxe4 Nf6 16. h3 Nxe4 17. Qxe4 O-O 18. O-O Rad8 19. f4 Rfe8 20. f5 exf5 21.
Qxf5 Re6 22. Rae1 Rde8 23. Rxe6 Rxe6 24. Re1 Rxe1+ 25. Bxe1 Qe7 26. Bd2 g6 27.
Qf3 Kg7 28. Kf1 Qe6 29. Qe3 Qf5+ 30. Ke2 g5 31. g4 Qb1 32. Qf3 Qa2 33. Kd3 Qxa4
34. h4 Qa6+ 35. Ke4 Qb5 36. Qf2 b6 37. hxg5 hxg5 38. Be3 a5 39. bxa5 bxa5 40.
Qa2 Kg6 41. c4 Qb7 42. Kf3 Qd7 43. Qxa5 f5 44. gxf5+ Qxf5+ 45. Qxf5+ Kxf5 46.
Bxg5 Kxg5 47. Ke4 Kf6 48. c5 1/2-1/2

[Event "Campeonato Brasileiro Amador 2015"]
[Site "Esporte Clube Pinheiros, SÃ£o P"]
[Date "2015.05.01"]
[Round "3.7"]
[White "Franca, Willian Bento"]
[Black "Peixoto, Helio Ricardo Soutin"]
[Result "0-1"]
[WhiteElo "2061"]
[BlackElo "1943"]
[PlyCount "60"]
[EventDate "2015.04.30"]

1. e4 c5 2. d4 cxd4 3. c3 d3 4. c4 g6 5. Bxd3 Bg7 6. Nf3 d6 7. h3 Nd7 8. O-O
Ngf6 9. Nc3 O-O 10. Be3 b6 11. Rc1 Bb7 12. Bb1 Nc5 13. Nd2 a5 14. a3 Bc6 15. b4
axb4 16. axb4 Na4 17. Nxa4 Bxa4 18. Qe2 Nd7 19. Nf3 Bc6 20. Nd4 Bb7 21. Rfd1
Ra4 22. Qb2 Qa8 23. f3 Rc8 24. Bd3 Ra2 25. Qb1 Ne5 26. Bf1 Qa3 27. Bg5 Ra8 28.
Nb5 Qxf3 29. Rc3 Qf2+ 30. Kh1 Rb2 0-1

[Event "Campeonato Brasileiro Amador 2015"]
[Site "Esporte Clube Pinheiros, SÃ£o P"]
[Date "2015.05.01"]
[Round "3.8"]
[White "Souza Dos Santos, Matheus Garce"]
[Black "Viaro Baccarin, Natalia"]
[Result "1/2-1/2"]
[WhiteElo "2058"]
[BlackElo "1940"]
[PlyCount "64"]
[EventDate "2015.04.30"]

1. e4 c5 2. Nf3 Nc6 3. c4 e6 4. Nc3 Nf6 5. Be2 d5 6. cxd5 exd5 7. exd5 Nxd5 8.
O-O Be7 9. d4 O-O 10. Nxd5 Qxd5 11. dxc5 Qxd1 12. Rxd1 Bxc5 13. Rd5 Bb6 14. Bf4
Be6 15. Rdd1 Rfd8 16. Ng5 Bf5 17. Bc4 Bg6 18. h3 Nd4 19. Rd2 h6 20. Nf3 Nxf3+
21. gxf3 Rxd2 22. Bxd2 Bd4 23. Bc3 Bxc3 24. bxc3 Rc8 25. Bd5 b6 26. c4 Bd3 27.
Rc1 Rc5 28. Rc3 Bf5 29. Ra3 b5 30. Ra5 a6 31. Bb7 Rxc4 32. Bxa6 Ra4 1/2-1/2

[Event "Campeonato Brasileiro Amador 2015"]
[Site "Esporte Clube Pinheiros, SÃ£o P"]
[Date "2015.05.01"]
[Round "3.9"]
[White "Rocha, Arthur Ferreira"]
[Black "Siqueira Gomes, Gustavo"]
[Result "0-1"]
[WhiteElo "1943"]
[BlackElo "2045"]
[PlyCount "96"]
[EventDate "2015.04.30"]

1. e4 c5 2. Nf3 e6 3. d4 cxd4 4. Nxd4 Nc6 5. Nc3 a6 6. Be2 Qc7 7. Be3 Nf6 8.
O-O Bb4 9. Bf3 Ne5 10. Nce2 Nc4 11. Bc1 Ne5 12. c3 Bc5 13. Bf4 h6 14. Bg3 d6
15. Qa4+ Bd7 16. Qc2 g5 17. b4 Bb6 18. h3 h5 19. Rfc1 g4 20. Bh4 Ng8 21. c4
gxf3 22. gxf3 Qc8 23. c5 dxc5 24. bxc5 Bd8 25. Bg3 Bf6 26. f4 Nc6 27. e5 Nxd4
28. Nxd4 Bd8 29. Qb3 h4 30. Bh2 Ne7 31. Rab1 Nc6 32. Nc2 Rb8 33. Ne3 Nd4 34.
Qd1 Nf5 35. Nc4 Rg8+ 36. Kf1 Bb5 37. Rxb5 axb5 38. Nd6+ Nxd6 39. cxd6 Qd7 40.
Qb3 Rc8 41. Rd1 Rc4 42. f5 exf5 43. Qe3 Rg6 44. Qf3 Qc6 45. Qh5 Qh1+ 46. Ke2
Rc2+ 47. Rd2 Rxd2+ 48. Kxd2 Qxh2 0-1

[Event "Campeonato Brasileiro Amador 2015"]
[Site "Esporte Clube Pinheiros, SÃ£o P"]
[Date "2015.05.01"]
[Round "3.10"]
[White "Fonseca, Luis Ernesto Serra A"]
[Black "Nicolini, Paulo Giovanni De A"]
[Result "1-0"]
[WhiteElo "2038"]
[BlackElo "1853"]
[PlyCount "71"]
[EventDate "2015.04.30"]

1. c4 Nf6 2. g3 g6 3. Bg2 Bg7 4. Nc3 O-O 5. d4 c6 6. e4 d6 7. Nf3 Qa5 8. O-O
Qh5 9. Re1 Bh3 10. Bh1 Bg4 11. Qd3 Nbd7 12. h4 e5 13. d5 Nc5 14. Qe3 a5 15. Bg2
cxd5 16. cxd5 Bxf3 17. Bxf3 Ng4 18. Qe2 f5 19. Nd1 Nd7 20. Bg5 Bf6 21. Ne3 Bxg5
22. Nxg4 fxe4 23. Nf6+ Bxf6 24. Bxh5 gxh5 25. Qxe4 Nc5 26. Qe2 Kh8 27. a3 a4
28. Rac1 Rg8 29. Rc4 e4 30. Rec1 Raf8 31. R1c2 Be5 32. Qxh5 e3 33. Rg4 exf2+
34. Rxf2 Nd3 35. Rf5 Rc8 36. Qxh7+ 1-0

[Event "Campeonato Brasileiro Amador 2015"]
[Site "Esporte Clube Pinheiros, São "]
[Date "2015.05.01"]
[Round "3.11"]
[White "Pereira, Geanfrancesco"]
[Black "Dias, Matheus Nunes"]
[Result "1-0"]
[WhiteElo "2014"]
[BlackElo "1638"]
[PlyCount "77"]
[EventDate "2015.04.30"]

1. e4 e6 2. Qe2 e5 3. g3 Bc5 4. Bg2 Nc6 5. c3 d6 6. a4 a5 7. Nf3 Nge7 8. d3 Bg4
9. h3 Be6 10. Be3 Qd7 11. Ng5 Bxe3 12. fxe3 h6 13. Nxe6 Qxe6 14. Nd2 Na7 15.
O-O b5 16. axb5 Nxb5 17. Ra4 O-O 18. Rfa1 c6 19. Rxa5 Rab8 20. Qg4 Qxg4 21.
hxg4 Nc7 22. R1a2 Rfd8 23. Ra7 Rd7 24. Kf2 Kh7 25. Nc4 Nc8 26. R7a5 Nb6 27.
Nxb6 Rxb6 28. Ra7 g5 29. Ke2 Kg6 30. Bf3 Kf6 31. d4 Re7 32. Kd3 Nb5 33. Rxe7
Kxe7 34. Bd1 Rb7 35. b4 Nc7 36. Ra5 f6 37. Ba4 Nb5 38. d5 Kd7 39. dxc6+ 1-0

[Event "Campeonato Brasileiro Amador 2015"]
[Site "Esporte Clube Pinheiros, SÃ£o P"]
[Date "2015.05.01"]
[Round "3.12"]
[White "Souza, Gustavo Horokoski De"]
[Black "Carstens Dobuchak, Thiago"]
[Result "1/2-1/2"]
[WhiteElo "1928"]
[BlackElo "2014"]
[PlyCount "95"]
[EventDate "2015.04.30"]

1. d4 Nf6 2. c4 g6 3. Nc3 Bg7 4. e4 d6 5. Nf3 O-O 6. Be2 e5 7. dxe5 dxe5 8.
Qxd8 Rxd8 9. Bg5 Re8 10. O-O Na6 11. Rfd1 Nc5 12. Nd2 Ne6 13. Be3 c6 14. b4 Nd4
15. Bd3 Ng4 16. Bg5 Be6 17. a3 h6 18. Bh4 Nf6 19. f3 Nh5 20. Ne2 Nf4 21. Nxf4
exf4 22. Rac1 g5 23. Bf2 Rad8 24. c5 Rd7 25. Nc4 Red8 26. Nd6 Nb3 27. Rc2 Be5
28. Be2 a6 29. Kf1 f6 30. Ke1 Bxd6 31. cxd6 Rxd6 32. Rxd6 Rxd6 33. Rc3 Kf7 34.
Rd3 Rxd3 35. Bxd3 a5 36. Bc2 a4 37. Kd1 Bc4 38. g3 Ke6 39. gxf4 gxf4 40. Bxb3
axb3 41. Bd4 b5 42. Bb2 Bd3 43. Kd2 Bc2 44. Ke2 Kf7 45. Kd2 Kg6 46. h4 Kf7 47.
Ba1 Ke6 48. Bb2 1/2-1/2

[Event "Campeonato Brasileiro Amador 2015"]
[Site "Esporte Clube Pinheiros, São "]
[Date "2015.05.01"]
[Round "3.13"]
[White "Auriemo, Danielle Ferreira"]
[Black "Brandao, Renan Alves"]
[Result "0-1"]
[WhiteElo "1643"]
[BlackElo "2113"]
[PlyCount "58"]
[EventDate "2015.04.30"]

1. e4 c5 2. Nf3 a6 3. c3 d6 4. d4 Nd7 5. Be2 g6 6. O-O Bg7 7. Be3 Ngf6 8. Qc2
O-O 9. dxc5 Nxc5 10. e5 Bf5 11. Qc1 Ng4 12. exd6 Nxe3 13. Qxe3 Qxd6 14. Rd1 Qc7
15. Nd4 Bd7 16. Nd2 Na4 17. Nc4 b5 18. b3 bxc4 19. bxa4 Bxa4 20. Rdb1 Rab8 21.
a3 a5 22. Bd1 Bxd1 23. Rxd1 e5 24. Nf3 Rfd8 25. Rxd8+ Rxd8 26. Ne1 Qd6 27. Qa7
Qd5 28. Kf1 e4 29. Rb1 Bxc3 0-1

[Event "Campeonato Brasileiro Amador 2015"]
[Site "Esporte Clube Pinheiros, São "]
[Date "2015.05.01"]
[Round "3.14"]
[White "Felix, Raimundo Nascimento"]
[Black "Abrantes, Tiago Garrido"]
[Result "0-1"]
[WhiteElo "1905"]
[BlackElo "2173"]
[PlyCount "76"]
[EventDate "2015.04.30"]

1. e4 g6 2. d4 Bg7 3. c3 d6 4. Nf3 a6 5. a4 b6 6. Bc4 e6 7. O-O Nd7 8. Bg5 Ne7
9. Qb3 h6 10. Bf4 Bb7 11. Nbd2 O-O 12. Rad1 d5 13. Bd3 dxe4 14. Bxe4 Nd5 15.
Bg3 f5 16. Bb1 f4 17. Bh4 g5 18. Qc2 Rf7 19. Qh7+ Kf8 20. g3 gxh4 21. Nxh4 N7f6
22. Qg6 Ne7 23. Qd3 Qd5 24. Ndf3 b5 25. h3 Nf5 26. Kh2 Ne4 27. g4 Nxh4 28. Nxh4
Bf6 29. Ng6+ Kg7 30. f3 Ng5 31. Kg2 Nxf3 32. Rxf3 Qxf3+ 33. Qxf3 Bxf3+ 34. Kxf3
bxa4 35. h4 Rb8 36. Rd2 a3 37. b4 a5 38. Nxf4 Bxh4 0-1